LEADER 01558nam a2200361 a 4500 001 000000134300 003 CaOOAMICUS 005 20130610132822.0 008 130610s2007 it u000 u ita r 020 $a88-8273-075-1 040 $aPUL$bita 041 1 $aita$ager 082 04$a193 100 1 $aHeidegger, Martin,$d1889-1976.$0(OLS)http://pul/name/5737 240 10$aEinleitung in die Philosophie.$lItaliano.$0(OLS)http://pul/title/35306 245 10$aAvviamento alla filosofia /$cMartin Heidegger ; traduzione italiana a cura di Maurizio Borghi ; con la collaborazione di Ivo De Gennaro e Gino Zaccaria. 260 $aMilano :$bC. Marinotti,$c2007. 300 $a378 p. ;$c24 cm 490 1 $aHeideggeriana ;$v03 504 $aBibliografia in nota. 600 14$aHeidegger, Martin,$d1889-1976$xFilosofia.$0(OLS)http://pul/subject/22528 700 1 $aDe Gennaro, Ivo.$0(OLS)http://pul/name/35727 700 1 $aZaccaria, Gino.$0(OLS)http://pul/name/35726 700 1 $aBorghi, Maurizio.$0(OLS)http://pul/name/86522 830 0$aHeideggeriana ;$v03.$0(OLS)http://pul/title/50606 850 $aPUL 852 $aPUL$W1$xSL Filosofia 3$y81$m193 HEIMA 7$j154401$qDDC 21$B153951$CPULBib$Z2$F153951 $H122551 $82 941 1 $a9 996 $6020$a88-8273-075-1$9(OLS)http://pul/number/152998 996 $6082$a193$9(OLS)http://pul/classification/412 996 $6245$aAvviamento alla filosofia$9(OLS)http://pul/title/169812 996 $6260$aMilano :$bC. Marinotti$9(OLS)http://pul/publisher/75602 LEADER 01196nam a2200265 4500 001 000000170854 003 CaOOAMICUS 005 20181129113922.0 008 181129s1970 it 000 u ita r 032 $aLibriCat 040 $aPUL$bita 100 1 $aBellini, Enzo.$0(OLS)http://pul/name/6756 245 13$aLa Chiesa nel mistero della salvezza in san Gregorio Nazianzeno /$cEnzo Bellini. 260 $aVenegono Inferiore :$bLa scuola cattolica,$c1970. 300 $a114 p. ;$c24 cm. 502 $aTesi -- Pontificia Facultas Theologica Mediolanensis, 1970. 504 $aBibliografia in nota. 600 04$aGregorius Nazianzenus,$cs., patr. di Costantinopoli,$dc. m. 389.$0(OLS)http://pul/subject/945 710 2 $aPontificia Facoltà teologica di Milano.$kTesi.$0(OLS)http://pul/name/109856 850 $aPUL 852 $aPUL$W1$xDP1 Tesi Varie$y51$mTH VAR 287$j194069$qTesi$B199364$CPULBib$Z2$F199364 $H34739 $81 941 1 $a16 996 $6245$aLa Chiesa nel mistero della salvezza in san Gregorio Nazianzeno$9(OLS)http://pul/title/211691 996 $6260$aVenegono Inferiore :$bLa scuola cattolica$9(OLS)http://pul/publisher/56514 LEADER 01226nam a2200289 u 4500 001 000000115680 003 CaOOAMICUS 005 20090514144832.0 008 090514s2009 it u000 u ita r 040 $aPUL$bita$dLDB 041 1 $aita$hger 100 1 $aJaspers, Karl,$d1883-1969.$0(OLS)http://pul/name/6455 240 10$aPhilosophie.$lItaliano.$0(OLS)http://pul/title/73455 245 10$aJaspers. 260 $aMilano :$bMondadori,$cc2009. 300 $a1190 p. ;$c18 cm. 490 1 $aI classici collezione del pensiero ;$v58 504 $aInclude riferimenti bibliografici e indici. 505 0 $aCronologia di Jaspers ; Filosofia / a cura di Umberto Galimberti, introduzione di Umberto Galimberti 650 4$aEsistenzialismo.$0(OLS)http://pul/subject/1923 700 1 $aGalimberti, Umberto,$d1942-$0(OLS)http://pul/name/8525 830 2$aI classici del pensiero (Mondadori) ;$v58.$0(OLS)http://pul/title/140256 850 $aPUL 852 $aPUL$W1$xSL Filosofia 3$y81$m180 COLL 1.58$j132498$qDDC 21$B131496$CPULBib$Z2$F131496 $H110404 $82 941 1 $a9 996 $6245$aJaspers$9(OLS)http://pul/title/145349 996 $6260$aMilano :$bMondadori$9(OLS)http://pul/publisher/50297